<?xml version="1.0" encoding="UTF-8"?>
<marc:record xmlns:marc="http://www.loc.gov/MARC21/slim">
   <marc:leader>00000nam a2200000 a 4500</marc:leader>
   <marc:datafield ind1="1" ind2=" " tag="100">
      <marc:subfield code="a">Antony, Margot</marc:subfield>
      <marc:subfield code="4">aut</marc:subfield>
      <marc:subfield code="e">Verfasser/-in</marc:subfield>
   </marc:datafield>
   <marc:datafield ind1=" " ind2=" " tag="653">
      <marc:subfield code="a">Softcover / Kinder- und Jugendbücher/Kinderbücher bis 11 Jahre</marc:subfield>
   </marc:datafield>
   <marc:datafield ind1="0" ind2="0" tag="245">
      <marc:subfield code="a">Die Geheimbücher der KessCatz</marc:subfield>
   </marc:datafield>
   <marc:datafield ind1="0" ind2="0" tag="245">
      <marc:subfield code="c">Margot Antony</marc:subfield>
   </marc:datafield>
   <marc:datafield ind1=" " ind2="1" tag="264">
      <marc:subfield code="a">Köln</marc:subfield>
      <marc:subfield code="b">Schneider-Buch Egmont</marc:subfield>
      <marc:subfield code="c">2009</marc:subfield>
   </marc:datafield>
   <marc:datafield ind1="1" ind2=" " tag="520">
      <marc:subfield code="a">Angaben aus der Verlagsmeldung

Die Geheimbücher der KessCatz, Band 01 : Lea, der Boss im Schloss / von Margot Antony-Scheffold

Von wegen schmuseweiche Miezekatzen! Die KessCatz sind kess und cool, witzig und wild. Aber Vorsicht, wenn sie ihre Krallen ausfahren! Hinter dem Mond und noch eine Stückchen weiter – dort liegt das verschlafene Städtchen Katzberg. Kein Wunder, dass Lea und ihre Freundinnen es kaum erwarten können, bis das nächste Schuljahr beginnt. Denn dann geht’s mit dem Schulbus endlich raus aus dem Kaff und mitten hinein ins Leben. Doch plötzlich gibt es Gerüchte, dass in Katzberg ein Mädcheninternat eröffnet werden soll. Für Lea ist sofort klar: ohne mich! Ob ihre Freundinnen das genauso sehen? Spannende Geschichten rund um eine Gruppe frecher Mädchen und ihr Internat Schloss Katzenfels.
</marc:subfield>
   </marc:datafield>
   <marc:datafield ind1=" " ind2=" " tag="020">
      <marc:subfield code="a">9783505126338</marc:subfield>
      <marc:subfield code="9">9783505126338</marc:subfield>
   </marc:datafield>
   <marc:datafield ind1=" " ind2=" " tag="041">
      <marc:subfield code="a">ger</marc:subfield>
   </marc:datafield>
   <marc:datafield ind1=" " ind2=" " tag="300">
      <marc:subfield code="a">170 S.</marc:subfield>
   </marc:datafield>
</marc:record>
